000 00463nam a2200193 a 4500
001 1758517132867
003 ACL
005 20250922103104.0
008 250922s2000##################000#0#eng##
020 _a9780736002141
082 0 4 _a796.01
_bLIG
100 1 _aLiggett, Donald R.,
_eauthor.
245 1 0 _aSport Hypnosis :
260 _bHuman Kinetics,
_c2000.
300 _a212 pages
650 0 _aEducation.
942 _cENGLISH
040 _aACL
_beng
_cACL
999 _c588657
_d588657